| 000 | 00000nam##2200000za#4500 |
| 001 | 9.663304 |
| 003 | CaOODSP |
| 005 | 20200330140431 |
| 007 | ta |
| 008 | 150407|2001||||xxc||||| f|0| 0 fre|d |
| 020 | |a0-662-66165-6 |
| 040 | |aCaOODSP|bfre |
| 041 | |aeng |
| 041 | |afre |
| 043 | |an-cn--- |
| 086 | 1 |aRH34-16/2001-1 |
| 110 | 1 |aCanada.|bDéveloppement des ressources humaines Canada. |bPolitique stratégique. |
| 245 | 10|aRéponse du gouvernement du Canada à Une vision commune: rapport intérimaire: quatrième rapport du Comité permanent du développement des ressources humaines et de la condition des personnes handicapées |
| 260 | |aOttawa - Ontario : |bDéveloppement des ressources humaines Canada. |c2001. |
| 300 | |aTexte français, 45p. ; |c22 cm. |
| 546 | |aBilingue |
| 563 | |aReliure à spirale |
| 590 | |a01-51|b2001-12-28 |
| 691 | 07|aRessources humaines|2gcpds |
| 691 | 07|aCondition de la personne handicapée|2gcpds |
| 776 | 0#|tRéponse du gouvernement du Canada à Une vision commune : rapport intérimaire, quatrième rapport du Comité permanent du développement des ressources humaines et de la condition des personnes handicapées |w(CaOODSP)9.642403 |
| 776 | 0#|tGovernment of Canada response to A common vision: interim report, the fourth report of the Standing Committee on Human Resources Development and the Status of Persons with Disabilities |w(CaOODSP)9.698392 |
| 791 | |tGovernment of Canada response to A common vision: interim report: the fourth report of the Standing Committee on Human Resources Development and the Status of Persons with Disabilities |eeng|w(CaOODSP)9.663303 |